000 00343 a2200157 4500
001 60958
020 _a8508080972
040 _cAnchieta - Pituba
100 _aAguiar, Luiz Antonio
240 1 0 _aCorações partidos
_lpor
245 1 0 _aCorações partidos
300 _a152
362 0 _a2005
650 4 _aLiteratura juvenil
942 _cBK
999 _c60958
_d60958